000 00783cam a2200229 a 4500
001 000001322
005 20200929145536.0
008 711015s1971 onca b 001 0 eng
020 _a0802052525
020 _a0802000355
040 _aDO-SdBNP
_cDLC
_dDLC
082 _a320.971
_bA425s
100 1 _aAllen, Richard,
_d1929-
_94463
245 1 4 _aThe social passion :
_breligion and social reform in Canada, 1914-28 /
_cRichard Allen.
260 _aToronto, Ontario, Canada :
_bUniversity of Toronto Press,
_c1971.
300 _axxv, 385 p. :
_bil. ;
_c26 cm.
504 _aBibliografía: p. [357]-364.
651 4 _aCanadá
_xCondiciones Sociales.
_94464
650 4 _aIglesia y problemas sociales
_zCanadá
_xHistoria
_94465
910 _aCatalogación por copia / LC
049 _aBNGR
999 _c1256
_d1256